000 00465nam a2200169Ia 4500
005 20250508151542.0
008 008 250505s9999 xx 000 0 eng d
037 _aTextual
040 _aFEDL
_beng
_cFEDL
041 _aeng
_2eng
084 _a392.0942, GUE
_qFEDL
100 _aGuest Edith E H
_9759473
245 0 _aYours hearth and home through the centuries
300 _a44p.
942 _cTEXL
_h392.0942, GUE
999 _c1330570
_d1330570